| 000 | 00343nam a2200121Ia 4500 | ||
|---|---|---|---|
| 008 | 210430s9999 xx 000 0 und d | ||
| 082 | _a627.0212 A8441E | ||
| 100 | _aGas Process Suppliers Associations | ||
| 245 |
_aEngineering Data Book FPS Vol1 _cGas Process Suppliers Associations |
||
| 260 | _c2004 | ||
| 300 | _a301p. | ||
| 942 |
_cBK _2ddc |
||
| 999 |
_c565921 _d565921 |
||